000 00606nam a2200181 a 4500
001 000035535
005 20200930074420.0
008 111103s1992 sp 000 0 spa d
020 _a8475095224
040 _aDO-SdBNP
_bspa
_cBNPHU
082 _axxxx
_bxxxx
100 1 _aGiangiacomo Feltrinelli, Milán
_961427
245 1 0 _aMás allá del sujeto :
_bNietzsche, Heidegger y la hermenéutica /
_cMilán Giangiacomo Feltrinelli.
250 _a2a ed.
260 _aBarcelona, :
_bPaidós,
_c1992.
300 _a104 p. ;
_c20 cm.
504 _aIncluye referencias bibliográficas y notas al pie de las páginas
999 _c35026
_d35026